Komentár k zákonu o daniach z príjmov
Komentár k jednotlivým ustanoveniam zákona č. 366/1999 Z.z. o daniach z príjmov v znení neskorších predpisov.
Salvato in:
| Natura: | Capitolo di libro |
|---|---|
| Lingua: | slovacco |
| Soggetti: | |
| Tags: |
Nessun Tag, puoi essere il primo ad aggiungerne!!
|
MARC
| LEADER | 00000naa a2200000 4500 | ||
|---|---|---|---|
| 001 | r044114 | ||
| 005 | 20231003085356.3 | ||
| 041 | 0 | |a slo | |
| 044 | |a SK | ||
| 245 | 1 | 0 | |a Komentár k zákonu o daniach z príjmov |
| 520 | |a Komentár k jednotlivým ustanoveniam zákona č. 366/1999 Z.z. o daniach z príjmov v znení neskorších predpisov. | ||
| 610 | 2 | 0 | |a dane z príjmov |
| 610 | 2 | 0 | |a osoby fyzické |
| 610 | 2 | 0 | |a osoby právnické |
| 610 | 2 | 0 | |a zákony |
| 610 | 2 | 0 | |a Slovensko |
| 610 | 2 | 0 | |a komentáre |
| 610 | 2 | 0 | |a 2001 |